| 000 | 00441nam a2200169Ia 4500 | ||
|---|---|---|---|
| 008 | 121123t1964 xxu||||| |||| 00| 0 sin d | ||
| 041 | _asin | ||
| 080 |
_a8S1-17/18 _bSIR |
||
| 100 | _aSumanavansa Himi Kapugama | ||
| 245 | _aදළ දා පුද | ||
| 246 | _aDala Da Puda | ||
| 260 |
_bM.D.Gunasena Samagama _aColombo 11 _c1964 |
||
| 300 | _b107p., 18 cm | ||
| 942 | _cBK | ||
| 999 |
_c75381 _d75381 |
||
| 003 | LK-CoDNM | ||
| 040 |
_aLK-CoDNM _dLK-CoDNM _eLK-CoDNM |
||